000 01497cad a22003135a 4500
001 L148136
008 090804e20090720xxk f lf000 0 eng d
035 _a(Sirsi) u148136
041 0 _aeng
050 0 4 _a346.41043 $2 18
110 2 _aUnited Kingdom
_kLaws, etc.
_95044
245 0 4 _aThe Land Registration (Amendment) Rules 2009
_h[electronic resource]
260 _aLondon
_bOPSI
_c2009
490 0 _aSI
_v(1996) 2009
520 _aAmends the Land Registration Rules 2003 to make provision in relation to the registration of charges created by some overseas companies; amends the information concerning overseas companies required by some forms; amends Schedule 9 to the Land Registration Rules 2003 and makes other minor changes.
520 _aComes into force 1 October 2009.
521 _aAdvanced
590 _aKA
650 2 4 _aLAND REGISTRATION (AMENDMENT) RULES 2009
650 2 4 _aLAND REGISTRATION RULES 2003
650 2 4 _aLAND REGISTRATION ACT 2002
650 2 4 _aOVERSEAS COMPANIES (EXECUTION OF DOCUMENTS AND REGISTRATION OF CHARGES) REGULATIONS 2009
650 2 4 _aLIMITED LIABILITY PARTNERSHIPS (APPLICATION OF COMPANIES ACT 2006) REGULATIONS 2009
650 2 4 _aCOMPANIES ACT 2006
651 4 _aUnited Kingdom
_y
690 _aPROPERTY-PROPERTY ACQUISITION AND DISPOSAL-REGISTRATION OF TITLE TO PROPERTY-LAND REGISTRATION
856 4 0 _uhttps://www.opsi.gov.uk/si/si2009/uksi_20091996_en_1
_zView the item free of charge online at www.opsi.gov.uk...
942 _n0
999 _c109903
_d109903